00359nam a2200157Ia 4500008004100000041000800041082001400049100002100063245002700084250001400111260002700125300000800152365000700160500000600167650002800173231222s2022 xx 000 0 und d aeng a615.1/TIW aDr.Varsha Tiwari aHerbal Drug Technology a3rd April bNirali Prakashanc2022 a13p cRS aR aHerbral Drug Technology